<The> Economic role of commodity storage

Saved in:
Bibliographic Details
Main Author: Wright, Brian D.
Other Authors: Williams, Jeffrey C.
Format: Book
Language:English
Published: New Haven Yale University 1982
Series:Center Paper no. 326
Tags: Add Tag
No Tags, Be the first to tag this record!

MARC

LEADER 00000nam a2200000 4500
001 c131247
005 20181203150432.0
041 0 |a eng 
044 |a US 
245 1 0 |a <The> Economic role of commodity storage  |c Brian D. Wright, Jeffrey C. Williams 
264 1 |a New Haven  |b Yale University  |c 1982 
300 |a S. 595-614 
490 1 |a Center Paper  |v no. 326 
830 0 |a Center Paper  |v no. 326 
100 1 |a Wright, Brian D. 
700 1 |a Williams, Jeffrey C.